000
00279nam a2200109Ia 4500
008
190216s9999||||xx |||||||||||||| ||und||
100
_a
Sakkariya
245
0
_a
Bhaskara Patalwerum Ende Jeevithavum
260
_b
Current Books
650
_a
Malayalam-Malayalam Essays
942
_c
BK
999
_c
26541
_d
26541